| 000 | 01003nam a2200301 c 4500 | ||
|---|---|---|---|
| 999 |
_c64812 _d64812 |
||
| 003 | BLK | ||
| 005 | 20220228093311.0 | ||
| 008 | 180408b bul|||||r ||||||| ||bul|| | ||
| 010 | _aKNG00069082000 | ||
| 040 | _aBLK | ||
| 041 |
_aBUL _cBUL |
||
| 080 |
_aБългарска литература _b821.163.2 _x-312.6 _z821.163.2-312.6 |
||
| 100 | 1 |
_aСимеонов, Стефан Иванов _eпърви автор _9255631 |
|
| 139 |
_aСимеонов, Стефан Иванов _bС 37 |
||
| 245 | 1 | 0 |
_aОрехова гора _cСтефан Иванов Симеонов. |
| 250 | _a2. изд. | ||
| 257 | _aBGR | ||
| 260 |
_bИзд. авт. _c2006 _fРусе : Авангард принт |
||
| 300 |
_a130 с. _c20 см |
||
| 380 | _aX | ||
| 500 | _aОфс. изд. | ||
| 653 | _aроманизувани биографии | ||
| 852 | _aЦб 229827 | ||
| 852 | _aК 821.163.2/С 37 С | ||
| 856 | 4 | _qpdf | |
| 856 | 4 | _qpdf | |
| 942 |
_cKNG _n0 _s1 |
||
| 944 |
_aCR _c31.10.2006 _kЛюдмила_Стоянова |
||
| 944 |
_aED _c03.11.2006 |
||
| 999 | _d64812 | ||